<?xml version="1.0" encoding="UTF-8"?>
<marc:record xmlns:marc="http://www.loc.gov/MARC21/slim">
   <marc:leader>00000nam a2200000 a 4500</marc:leader>
   <marc:datafield ind1="0" ind2="0" tag="245">
      <marc:subfield code="a">Zoomania 2</marc:subfield>
   </marc:datafield>
   <marc:datafield ind1=" " ind2="1" tag="264">
      <marc:subfield code="a">München</marc:subfield>
      <marc:subfield code="b">Disney</marc:subfield>
      <marc:subfield code="c">2026</marc:subfield>
   </marc:datafield>
   <marc:datafield ind1="1" ind2=" " tag="520">
      <marc:subfield code="a">Die tierischen Detektive Judy Hopps und Nick Wilde geraten auf die rätselhafte Spur eines geheimnisvollen Reptils, das in Zoomania auftaucht und die Metropole völlig auf den Kopf stellt: Gary De&#x92;Snake! Um den Fall zu lösen, müssen die beiden undercover in völlig unbekannte Stadtteile vordringen &#x96; und dabei wird ihre Partnerschaft auf eine harte Probe gestellt.</marc:subfield>
   </marc:datafield>
   <marc:datafield ind1="3" ind2=" " tag="024">
      <marc:subfield code="a">4061229655200</marc:subfield>
   </marc:datafield>
   <marc:datafield ind1=" " ind2=" " tag="300">
      <marc:subfield code="a">1 DVD (Laufzeit circa 103 Min.)</marc:subfield>
   </marc:datafield>
</marc:record>
